000 00715nam a22002297a 4500
003 OSt
005 20180116192412.0
008 121129t2006 xxu||||| |||| 00| 0 eng d
020 _a9781858942797
020 _a1858942799
040 _c0
082 _a725.81
100 1 _aHammond, Michael,
_96023
245 1 0 _aPerforming architecture.
_bopera houses, theatres and concert halls for the twenty-first century /
_cMichael Hammond.
260 _aLondon:
_bMerrell;
_c2006.
300 _a239p. :
_bill;
_c29 cm.
650 _aArchitecture, Modern
_96024
650 _aTheaters
_96025
650 _aTheater architecture
_96026
942 _2ddc
_cBK
999 _c353571
_d353571